Aspects of oral molecular biology /

Saved in:
Bibliographic Details
Other Authors: Ferguson, D. B.
Format: Book
Language:English
Published: Basel ; New York : Karger, 1991.
Series:Frontiers of oral physiology ; v. 8.
Subjects:
Tags: Add Tag
No Tags, Be the first to tag this record!
LEADER 01256pam a2200373 a 4500
001 001966706-X
005 20020606093309.7
008 900911s1991 sz a b 00100 eng c
010 |a  90005367  
020 |a 3805552610 
035 0 |a ocm22451974 
040 |a DNLM/DLC  |c DLC  |d HMS 
050 0 0 |a QP146  |b .A76 1990 
060 0 0 |a W1  |b FR946GP v.8 1991 
060 1 0 |a WU 102  |b A838 1991 
082 0 0 |a 599/.0132  |2 20 
245 0 0 |a Aspects of oral molecular biology /  |c volume editor, D.B. Ferguson. 
260 0 |a Basel ;  |a New York :  |b Karger,  |c 1991. 
300 |a xii, 143 p. :  |b ill. ;  |c 25 cm. 
490 1 |a Frontiers of oral physiology ;  |v v. 8 
504 |a Includes bibliographical references and index. 
650 2 |a Molecular Biology. 
650 2 |a Mouth  |x physiology. 
650 2 |a Mouth  |x ultrastructure. 
650 2 |a Tooth  |x physiology. 
650 0 |a Mouth  |x Physiology. 
650 0 |a Molecular biology. 
650 0 |a Teeth  |x Growth  |x Molecular aspects. 
650 0 |a Salivary proteins  |x Synthesis  |v Regulations. 
700 1 |a Ferguson, D. B. 
776 0 8 |i Online version:  |t Aspects of oral molecular biology.  |d Basel ; New York : Karger, 1991  |w (OCoLC)603691732 
830 0 |a Frontiers of oral physiology ;  |v v. 8. 
988 |a 20020608 
906 |0 OCLC